Statistics for Sunderland AFC Squad 2023-2024

Click here to take the quiz!

General Stats

  • This quiz has been taken 10 times
  • The average score is 22 of 36

Answer Stats

#PositionNationPlayer% Correct
17MFFranceAbdoullah Ba
89%
5DFNorthern IrelandDaniel Ballard
89%
20FWEnglandJack Clarke
89%
13DFEnglandLuke O'Nien
89%
32DFNorthern IrelandTrai Hume
89%
1GKEnglandAnthony Patterson
78%
15FWUkraineNazariy Rusyn
78%
2DFWalesNiall Huggins
78%
39MFFrancePierre Ekwah
78%
4MFNorthern IrelandCorry Evans
67%
24MFEnglandDan Neil
67%
3DFEnglandDennis Cirkin
67%
19FWCosta RicaJewison Bennette
67%
7MFEnglandJobe Bellingham
67%
11FWEnglandMason Burstow
67%
-CoachEnglandMike Dodds
67%
30GKEnglandNathan Bishop
67%
6DFFranceTimothée Pembélé
67%
42DFEnglandAji Alese
56%
21MFEnglandAlex Pritchard
56%
31MFEnglandChris Rigg
56%
12FWSpainEliezer Mayenda
56%
23DFNetherlandsJenson Seelt
56%
33DFNorwayLeo Fuhr Hjelde
56%
9FWPortugalLuís Semedo
56%
-CoachEnglandMichael Beale
56%
25DFAustraliaNectarios Triantis
56%
10FWEnglandPatrick Roberts
56%
-CoachEnglandTony Mowbray
56%
46MFEnglandBradley Dack
44%
28MFHungaryCallum Styles
44%
8MFEnglandElliot Embleton
44%
27MFEnglandJay Matete
44%
22MFFranceAdil Aouchiche
33%
14FWEnglandRomaine Mundle
33%
18MFEnglandEllis Taylor
11%

Score Distribution

Percentile by Number Answered

Percent of People with Each Score

Your Score History

You have not taken this quiz